000
00209 a2200097 4500
001
55287
100
_a
245
_a
Recognizing islam
260
_a
New york
_b
IB Tauris
_c
2000
090
_c
34258
_d
34258
942
_a
NUST-CAE
_c
MONOGRAPH
_c
26956
999
_c
290360
_d
290360